[Event "Bandarabbas Sahel Cup 17th"]
[Site "Bandarabbas"]
[Date "2016.03.11"]
[Round "9.4"]
[White "Behzadi Rad, Behzad"]
[Black "Latifpour, Mohammad"]
[Result "1-0"]
[WhiteElo "1746"]
[BlackElo "1815"]
[PlyCount "67"]
[EventDate "2016.03.06"]
[EventType "swiss"]
[EventRounds "9"]
[EventCountry "IRI"]
[SourceTitle "EXT 2024"]
[Source "ChessBase"]
[SourceDate "2023.10.10"]
[SourceVersion "1"]
[SourceVersionDate "2023.10.10"]
[SourceQuality "1"]

1. d4 d5 2. Nf3 Nf6 3. Bf4 Bf5 4. e3 Nbd7 5. c4 e6 6. Nc3 Ne4 7. cxd5 Nxc3 8. bxc3 exd5 9. Qb3 Nb6 10. c4 dxc4 11. Bxc4 Nxc4 12. Qxc4 Bd6 13. Bxd6 Qxd6 14. Qb5+ Bd7 15. Qxb7 Bc6 16. Qb1 0-0 17. 0-0 Rab8 18. Qd1 Qg6 19. Nh4 Qg5 20. Nf3 Qd5 21. a4 Rfe8 22. Rc1 Re6 23. Rc5 Qd8 24. d5 Rd6 25. Rxc6 Rxd5 26. Qc2 Rb7 27. Rc4 Qd6 28. Rd4 Rxd4 29. Nxd4 Rb4 30. Rd1 Qf6 31. Qxc7 g6 32. Nc6 Qb2 33. Nxb4 Qxb4 34. Qd8+ 1-0

[Event "Bandarabbas Blitz"]
[Site "Bandarabbas"]
[Date "2016.01.29"]
[Round "6.3"]
[White "Asbahi, Mohammad"]
[Black "Behzadi Rad, Behzad"]
[Result "1-0"]
[WhiteElo "2042"]
[BlackElo "1746"]
[PlyCount "45"]
[EventDate "2015.12.31"]
[EventType "swiss (blitz)"]
[EventRounds "9"]
[EventCountry "IRI"]
[SourceTitle "EXT 2024"]
[Source "ChessBase"]
[SourceDate "2023.10.10"]
[SourceVersion "1"]
[SourceVersionDate "2023.10.10"]
[SourceQuality "1"]

1. Nf3 d5 2. g3 Bf5 3. Bg2 c6 4. 0-0 e6 5. c4 Nf6 6. d3 Nbd7 7. Nc3 Bd6 8. cxd5 exd5 9. e4 Bg4 10. exd5 cxd5 11. Re1+ Be7 12. Qe2 Be6 13. Nd4 Nc5 14. b4 Na6 15. Nxe6 fxe6 16. Qxe6 Nxb4 17. Ba3 a5 18. Bxb4 axb4 19. Nxd5 Ra6 20. Qxe7+ Qxe7 21. Rxe7+ Kd8 22. Rxb7 Kc8 23. Ne7+ 1-0